Mexican Immigration by Country - Statistics

General Stats
  • This quiz has been taken 291 times
    212 since last reset
  • The average score is 17 of 20
Answer Stats
Population Country % Correct
797,226 United States
100%
12,439 Canada
96%
36,234 Colombia
94%
8,689 Brazil
93%
25,976 Cuba
93%
18,693 Argentina
92%
56,810 Guatemala
92%
19,223 Spain
92%
19,736 El Salvador
89%
52,948 Venezuela
89%
35,361 Honduras
87%
8,670 Peru
87%
6,532 Chile
85%
10,547 China
84%
9,080 France
82%
6,860 Germany
82%
5,731 Nicaragua
80%
6,619 Italy
76%
5,895 Haiti
73%
5,539 Japan
68%
No matching quizzes found
Score Distribution
Percent of People with Each Score
Percentile by Number Answered
Your Score History
You have not taken this quiz since the last reset